<?xml version="1.0" encoding="UTF-8"?>
<record
    xmlns:xsi="http://www.w3.org/2001/XMLSchema-instance"
    xsi:schemaLocation="http://www.loc.gov/MARC21/slim http://www.loc.gov/standards/marcxml/schema/MARC21slim.xsd"
    xmlns="http://www.loc.gov/MARC21/slim">

  <leader>00498nam a22001817a 4500</leader>
  <controlfield tag="003">OSt</controlfield>
  <controlfield tag="005">20151116101926.0</controlfield>
  <controlfield tag="008">130905t        xxu||||| |||| 00| 0 eng d</controlfield>
  <datafield tag="020" ind1=" " ind2=" ">
    <subfield code="a">9788889272916</subfield>
  </datafield>
  <datafield tag="050" ind1=" " ind2=" ">
    <subfield code="a">TX 641</subfield>
    <subfield code="b">.P695 2007</subfield>
  </datafield>
  <datafield tag="082" ind1=" " ind2=" ">
    <subfield code="a">HS 641.5944 </subfield>
    <subfield code="b">P68 2006</subfield>
  </datafield>
  <datafield tag="245" ind1=" " ind2=" ">
    <subfield code="a">Pizza.    </subfield>
    <subfield code="b">treats just great recipes  </subfield>
  </datafield>
  <datafield tag="260" ind1=" " ind2=" ">
    <subfield code="a">Italy : </subfield>
    <subfield code="b">McRae Books,</subfield>
    <subfield code="c"> c2007.  </subfield>
  </datafield>
  <datafield tag="300" ind1=" " ind2=" ">
    <subfield code="a">64 p. :</subfield>
    <subfield code="b">col.; ill. ;</subfield>
    <subfield code="c">20 cm.  </subfield>
  </datafield>
  <datafield tag="650" ind1=" " ind2=" ">
    <subfield code="a">Cookery, French. </subfield>
    <subfield code="9">16670</subfield>
  </datafield>
  <datafield tag="942" ind1=" " ind2=" ">
    <subfield code="2">lcc</subfield>
    <subfield code="c">BK</subfield>
  </datafield>
  <datafield tag="999" ind1=" " ind2=" ">
    <subfield code="c">10422</subfield>
    <subfield code="d">10422</subfield>
  </datafield>
  <datafield tag="952" ind1=" " ind2=" ">
    <subfield code="0">0</subfield>
    <subfield code="1">0</subfield>
    <subfield code="2">lcc</subfield>
    <subfield code="4">0</subfield>
    <subfield code="a">LUX</subfield>
    <subfield code="b">LUX</subfield>
    <subfield code="c">HS</subfield>
    <subfield code="d">2013-09-05</subfield>
    <subfield code="l">0</subfield>
    <subfield code="o">TX 641 .P695 2007</subfield>
    <subfield code="p">15540</subfield>
    <subfield code="r">2015-07-30 00:00:00</subfield>
    <subfield code="t">1</subfield>
    <subfield code="w">2013-09-05</subfield>
    <subfield code="y">BK</subfield>
  </datafield>
</record>
